Suki Waterhouse - Neon Sign lyrics - Statistics

General Stats
  • This quiz has been taken 36 times
  • The average score is 123 of 214
Answer Stats
Hint Answer % Correct
A
100%
a
100%
And
100%
can
100%
crazy,
100%
do
100%
down
100%
far,
100%
heart
100%
Bridge | Verse 1 | Verse 3 I
100%
is
100%
me,
100%
my
100%
neon
100%
of
100%
on
100%
one
100%
so
100%
that
100%
the
100%
The
100%
they
100%
to
100%
us
100%
what
100%
when
100%
When
100%
you
100%
your
100%
Verse 4 Your
100%
as
50%
best
50%
break
50%
broken
50%
but
50%
can't
50%
clean
50%
don't
50%
dreams
50%
feeling
50%
feels
50%
follow
50%
follow,
50%
for
50%
Chorus Free
50%
from
50%
happens
50%
help
50%
hide
50%
know
50%
mean?
50%
mind
50%
moving
50%
much
50%
pretty
50%
rough
50%
shackles
50%
signs
50%
Tell
50%
Verse 2 That's
50%
Trouble,
50%
trouble,
50%
troubled
50%
Until
50%
up
50%
very
50%
you're
50%
yourself
50%
around
0%
baby,
0%
Because
0%
believe
0%
bleed
0%
control
0%
control,
0%
Control,
0%
Control
0%
delusions
0%
dog
0%
dust
0%
fell
0%
fucking
0%
Funny
0%
fusion
0%
guard
0%
hole
0%
how
0%
keep
0%
lot
0%
lust
0%
needn't
0%
needs
0%
nuisance
0%
parking
0%
peace
0%
piling
0%
rabbit
0%
rust
0%
Sold
0%
soul
0%
starts
0%
streets
0%
struggle
0%
there's
0%
total
0%
Outro Total
0%
No matching quizzes found
Score Distribution
Percent of People with Each Score
Percentile by Number Answered
Your Score History
You have not taken this quiz